000 00290cam a2200121ua 4500
082 _a894.812301
_bSUK/KA
100 _aSukumaran, Tatapuram .
_91743
245 _aKarutha Njarazhcha /
250 _a1 /
260 _aKollam :
_bM S Book Depot ,
_c1966.
300 _a109 ; .
942 _cBK
999 _c11516
_d11516